000 00915nam a2200265 a 4500
001 1245
003 BR-CuiBMT
005 20231205002327.0
008 231130s2015 dfba 001 0 por d
020 _a9788570186508
040 _aBR-CuiBMT
_cBR-CuiBMT
080 _a930.253
_x(81)
_22007
090 _a930.253(81)
_bW529a
100 1 _aWestin, Ricardo
245 1 0 _aArquivo S /
_cRicardo Westin ; prefácio José Sarney.
260 _aBrasília :
_bSenado Federal,
_c2015.
300 _a121 p. :
_bil. color. ;
_c23 cm
490 1 _aO Senado na história do Brasil ;
_vv. 1
500 _aReportagens publicadas pelo "Jornal do Senado" com base no acervo do arquivo do Senado Federal.
504 _aInclui bibliografia e índice.
650 _aCongresso Nacional
_xSenado Federal
_xHistória
_zBrasil
650 _aArquivo
_xSenado
_zBrasil
830 0 _aO Senado na história do Brasil ;
_v1
942 _2udc
_cLV
999 _c1245
_d1245